Techniques dans Dragon Ball - Statistiques

Statistiques générales
  • Ce quiz a été pris 165 fois
  • Le résultat moyen est 11 sur 22
Statistiques - réponses
Par images Réponse % Correct
Kamehameha
99%
Genkidama
86%
Final Flash
83%
Kienzan
68%
Masenko
68%
Canon garric
65%
Hakai
64%
Mafuba
64%
Kikoho
63%
Makankosappo
62%
Big Bang Attack
60%
Final Kamehameha
59%
Poing du Dragon
58%
Big Bang Kamehameha
57%
Boule de la Mort
38%
Taiyoken
26%
Black Kamehameha
25%
Burning Attack
20%
Châtiment Spirituel
12%
Hell's Flash
5%
Boule Spirituelle
2%
Revenge Pile
2%
Aucun quiz correspondant
Distribution des résultats
% des personnes avec chaque résultat
Percentile par nombre de réponses
Votre historique - résultats
Vous n’avez pas pris ce quiz